| 000 | 01018nam a2200253 i 4500 | ||
|---|---|---|---|
| 001 | 78248 | ||
| 003 | ES-MaACL | ||
| 005 | 20250901090024.0 | ||
| 007 | t| | ||
| 008 | 041013s1955 sp a |||| | spa d | ||
| 100 | 1 |
_aHaenisch, G. F. _961425 |
|
| 245 | 1 | 0 |
_aFundamentos de Roentgenología / _cG.F. Haenisch, O.O.H. Holthusen ; con un capítulo de técnica física por A. Liechti ; revisado y completado por W. Feh. ; traducido de la 5ª ed. alemana, ampliada con figuras por N. Lloret Barler [y] José Mª Masriera y Sagalés. |
| 260 |
_aBarcelona : _bCientífico-Médica, _c1955 ( _fImp. Escuela de la Casa Provincial de Caridad) |
||
| 300 |
_aXI, 564 p. : _bil. ; _c27 cm. |
||
| 650 | 4 |
_aRayos X. _9136804 |
|
| 650 | 7 |
_aRadiología _2embne _9140316 |
|
| 700 | 1 |
_aHolthusen, O. O. H. _964087 |
|
| 700 | 1 |
_aLiechti, A. _972238 |
|
| 700 | 1 |
_aFehr, W. _949092 |
|
| 700 | 1 |
_aLloret Barber, N. _972921 |
|
| 700 | 1 |
_aMasriera y Sagalés, José María. _978779 |
|
| 852 |
_aES-MaACL _jC-9440 |
||
| 999 |
_c78248 _d78248 |
||